Изучение русской литературы как фактор формирования компетенций слушателей подготовительного отделения гуманитарного профиля; Уровневая подготовка специалистов: государственные и международные стандарты инженерного образования

Bibliografiske detaljer
Parent link:Уровневая подготовка специалистов: государственные и международные стандарты инженерного образования.— 2013.— [С. 279-280]
Hovedforfatter: Замятина Е. В. Елена Викторовна
Institution som forfatter: Национальный исследовательский Томский политехнический университет
Andre forfattere: Володина Д. Н. Дарья Николаевна, Сискевич А. Е. Анастасия Евгеньевна
Summary:Заглавие с экрана
В статье идет речь о роли курса "Русская литература" в формировании и развитии компетенций слушателей гуманитарного профиля Подготовительного отделения, необходимых для поступления и обучения на первых курсах факультетов. Приводится информация об особенностях организации учебно-методических материалов, способствующих развитию данных компетенци
Sprog:russisk
Udgivet: 2013
Serier:Родной и иностранные языки в обучении и профессиональной деятельности инженера/специалиста
Fag:
Online adgang:http://www.lib.tpu.ru/fulltext/c/2013/C09/156.pdf
Format: MixedMaterials Electronisk Book Chapter
KOHA link:https://koha.lib.tpu.ru/cgi-bin/koha/opac-detail.pl?biblionumber=243419

MARC

LEADER 00000naa2a2200000 4500
001 243419
005 20251218093126.0
035 |a (RuTPU)RU\TPU\book\264763 
035 |a RU\TPU\book\264723 
090 |a 243419 
100 |a 20130926d2013 k y0rusy50 ca 
101 0 |a rus 
102 |a RU 
135 |a arnn ---uucaa 
181 0 |a i  
182 0 |a b 
200 1 |a Изучение русской литературы как фактор формирования компетенций слушателей подготовительного отделения гуманитарного профиля  |f Е. В. Замятина, Д. Н. Володина, А. Е. Сискевич 
203 |a Текст  |c электронный 
225 1 |a Родной и иностранные языки в обучении и профессиональной деятельности инженера/специалиста 
300 |a Заглавие с экрана 
320 |a [Библиогр.: с. 280 (3 назв.)] 
330 |a В статье идет речь о роли курса "Русская литература" в формировании и развитии компетенций слушателей гуманитарного профиля Подготовительного отделения, необходимых для поступления и обучения на первых курсах факультетов. Приводится информация об особенностях организации учебно-методических материалов, способствующих развитию данных компетенци 
337 |a Adobe Reader 
463 1 |0 (RuTPU)RU\TPU\book\262130  |t Уровневая подготовка специалистов: государственные и международные стандарты инженерного образования  |o сборник трудов научно-методической конференции, 26-30 марта 2013 г., Томск  |f Национальный исследовательский Томский политехнический университет (ТПУ) ; ред. кол. А. И. Чучалин [и др.]  |v [С. 279-280]  |d 2013 
610 1 |a труды учёных ТПУ 
610 1 |a электронный ресурс 
610 1 |a русская литература 
610 1 |a компетенции 
610 1 |a подготовительные отделения 
610 1 |a гуманитарный профиль 
610 1 |a иностранные студенты 
610 1 |a русский язык как иностранный 
700 1 |a Замятина  |b Е. В.  |c лингвист  |c доцент Томского политехнического университета, кандидат филологических наук  |f 1981-  |g Елена Викторовна  |3 (RuTPU)RU\TPU\pers\29012  |9 13732 
701 1 |a Володина  |b Д. Н.  |c лингвист  |c доцент Томского политехнического университета, кандидат филологических наук  |f 1982-  |g Дарья Николаевна  |3 (RuTPU)RU\TPU\pers\29013  |9 13733 
701 1 |a Сискевич  |b А. Е.  |c лингвист  |c старший преподаватель Томского политехнического университета, кандидат филологических наук  |f 1983-  |g Анастасия Евгеньевна  |3 (RuTPU)RU\TPU\pers\29014  |9 13734 
712 0 2 |a Национальный исследовательский Томский политехнический университет  |c (2009- )  |9 26305 
801 2 |a RU  |b 63413507  |c 20161114  |g RCR 
850 |a 63413507 
856 4 |u http://www.lib.tpu.ru/fulltext/c/2013/C09/156.pdf 
942 |c CF